The complete book of essential oils and aromatherapy / (Record no. 138)

MARC details
000 -LEADER
fixed length control field 00744cam a2200229 a 4500
005 - DATE AND TIME OF LATEST TRANSACTION
control field 20260322212007.0
008 - FIXED-LENGTH DATA ELEMENTS--GENERAL INFORMATION
fixed length control field data
010 ## - LIBRARY OF CONGRESS CONTROL NUMBER
LC control number 91020111
020 ## - INTERNATIONAL STANDARD BOOK NUMBER
International Standard Book Number 0931432820 (alk. paper) :
Terms of availability {dollar}16.95
020 ## - INTERNATIONAL STANDARD BOOK NUMBER
International Standard Book Number 9780931432828 (alk. paper) :
Terms of availability {dollar}16.95
040 ## - CATALOGING SOURCE
Original cataloging agency DLC
Transcribing agency DLC
Modifying agency DLC
-- OCoLC
-- DLC
050 00 - LIBRARY OF CONGRESS CALL NUMBER
Classification number RM666.A68
Item number W67 1991
082 00 - DEWEY DECIMAL CLASSIFICATION NUMBER
Classification number 615/.321
Edition information 20
092 ## - LOCALLY ASSIGNED DEWEY CALL NUMBER (OCLC)
Classification number 615.321 W67 1991
001 - CONTROL NUMBER
control field data
100 1# - MAIN ENTRY--PERSONAL NAME
Personal name Worwood, Valerie Ann,
Dates associated with a name 1945-
245 14 - TITLE STATEMENT
Title The complete book of essential oils and aromatherapy /
Statement of responsibility, etc. Valerie Ann Worwood.
260 ## - PUBLICATION, DISTRIBUTION, ETC.
Place of publication, distribution, etc. San Rafael, Calif. :
Name of publisher, distributor, etc. New World Library,
Date of publication, distribution, etc. c1991.
300 ## - PHYSICAL DESCRIPTION
Extent xvii, 423 p. ;
Dimensions 23 cm.
504 ## - BIBLIOGRAPHY, ETC. NOTE
Bibliography, etc. note Includes bibliographical references (p. 414) and index.
650 #0 - SUBJECT ADDED ENTRY--TOPICAL TERM
Topical term or geographic name entry element Aromatherapy.
Holdings
Withdrawn status Lost status Damaged status Not for loan Home library Current library Shelving location Date acquired Total checkouts Full call number Barcode Date last seen Price effective from Koha item type
        Riverside Riverside General stacks 22/03/2026   615/.321 20 BC0010142 22/03/2026 22/03/2026 Books